000 00265nam a2200097Ia 4500
001 649741
005 20250826153747.0
008 250824s9999 xx 000 0 und d
245 0 _aKURTULUŞUN KAHRAMANLARI 5 ŞERİFE BACI
_cİSMAİL BİLGİN
260 _bTİMAŞ ÇOCUK
999 _c649741
_d649741